00697nam a2200253 a 4500001001300000003000900013005001700022008004100039020001200080082002000092100002100112245002300133260003800156300000900194500003500203505001000238650001300248650001900261700002100280902000800301942000700309952011200316999001500428nice12345678IN_TiNIC20260116011635.0050524s1968 itha grp 000 0 eng  ac310.500a297.095491bABB aAbbott, Freeland aIslam and Pakistan aIthacabCornell University c1968 a242p aincludes index and biblioraphy2 aIndex aPakistan aIslam-Pakistan1 aAbbott, Freeland bSRS cBK 00104070aHMIbHMId2007-07-26g310.50l1o297.095491 ABBp05658r2017-02-22s2017-02-17w2026-01-16yEB c3065d3065